[Event "Mechanics' Fall TNM; 30/90, SD/30"]
[Site "San Francisco"]
[Date "2014.11.04"]
[Round "3.42"]
[White "Cole, Tony"]
[Black "Aquino, Pat"]
[Result "1/2-1/2"]
[WhiteElo "1417"]
[BlackElo "1609"]
[Annotator "Donaldson"]
[PlyCount "57"]
[EventDate "2014.??.??"]

1. e4 d5 2. exd5 Qxd5 3. Nc3 Qa5 4. Nf3 Nf6 5. d4 c6 6. Bd2 Qb6 7. Na4 Qc7 8.
Bd3 Bg4 9. h3 Bh5 10. g4 Bg6 11. Qe2 Nbd7 12. O-O-O e6 13. Rhg1 Bd6 14. h4 Bf4
15. h5 Bxd3 16. Qxd3 O-O-O 17. Kb1 Nd5 18. c4 N5b6 19. Ba5 c5 20. Qb3 Qc6 21.
Bxb6 axb6 22. d5 exd5 23. cxd5 Qd6 24. Nc3 Rde8 25. Nb5 Qf6 26. d6 Re6 27. Qa3
Bxd6 28. Qa8+ Nb8 29. Rd3 (29. Ng5 $1 {won on the spot. Both scoresheets are
illegible after White's 29th move. Drawn in another 40 odd moves.}) 1/2-1/2

[Event "Mechanics' Fall TNM; 30/90, SD/30"]
[Site "San Francisco"]
[Date "2014.12.02"]
[Round "6.20"]
[White "Cole, Tony"]
[Black "Cohee, James"]
[Result "0-1"]
[WhiteElo "1141"]
[BlackElo "1660"]
[PlyCount "118"]
[EventDate "2014.??.??"]

1. e4 c5 2. Nc3 e6 3. Nf3 a6 4. d4 cxd4 5. Nxd4 Qc7 6. a3 b5 7. Bd3 Nf6 8. O-O
Bb7 9. Re1 d6 10. Bg5 Be7 11. Re3 Nbd7 12. Qe2 O-O 13. Rg3 Ne5 14. Bh6 Ng6 15.
Be3 Kh8 16. Rh3 Ne5 17. Nf3 Nxf3+ 18. Qxf3 e5 19. Nd5 Bxd5 20. exd5 g6 21. Be4
Nxe4 22. Qxe4 f5 23. Qd3 Rac8 24. c3 Qc4 25. Qd1 f4 26. Bc1 Rc5 27. Rd3 Qe4 28.
f3 Qf5 29. b4 Rc4 30. Qf1 Rfc8 31. Bb2 Bd8 32. Rad1 Kg8 33. h3 Bb6+ 34. Kh1 Be3
35. Qe1 Qg5 36. g4 Qh6 37. Kg2 Bb6 38. h4 Qg7 39. Ba1 Qe7 40. Kh3 e4 41. fxe4
Rxe4 42. Qh1 Re3+ 43. Kg2 Qe4+ 44. Kh2 Qe7 45. Rxe3 Qxe3 46. Qe1 Re8 47. Qxe3
Rxe3 48. Rf1 Re2+ 49. Kh3 Ra2 50. g5 f3 51. Kg3 f2 52. Kf3 Rxa3 53. Ke4 Ra2 54.
Kd3 a5 55. bxa5 Bxa5 56. Kd4 Ra4+ 57. Ke3 Bb6+ 58. Kf3 Rxh4 59. Kg3 Ra4 0-1

[Event "Mechanics' Fall TNM; 30/90, SD/30"]
[Site "San Francisco"]
[Date "2014.12.16"]
[Round "8.40"]
[White "Cole, Tony"]
[Black "Frank, Robert"]
[Result "1-0"]
[WhiteElo "1417"]
[BlackElo "1286"]
[Annotator "Donaldson"]
[PlyCount "57"]
[EventDate "2014.??.??"]

1. e4 e5 2. Nf3 Nf6 3. Nc3 Nc6 4. Bc4 Bc5 (4... Nxe4 $1) 5. h3 $6 O-O 6. d3 Re8
7. Bg5 h6 8. Bh4 a6 9. a3 b5 10. Ba2 Bb7 11. Nd5 g5 $2 {Diagram #} 12. Bg3 (12.
Nxg5 $1 hxg5 13. Bxg5 Be7 14. Nxf6+ Bxf6 15. Qh5 $18) 12... d6 13. Qd2 (13. h4
$1) 13... Nd4 14. Ne3 Nxf3+ 15. gxf3 Nh5 16. Nf5 Qf6 17. h4 $1 Nf4 18. O-O-O
Bc8 19. hxg5 hxg5 20. Rh6 Qd8 21. Bxf4 exf4 22. Rg1 (22. Qxf4 $1) 22... Bxf5
23. exf5 Bd4 24. c3 Bg7 25. Rg6 $1 d5 26. R6xg5 Qf6 27. Qxf4 c6 28. Qg3 Kf8 29.
Rxg7 1-0

[Event "Mechanics' Winter TNM; 30/90, SD/30"]
[Site "San Francisco"]
[Date "2014.02.18"]
[Round "7.32"]
[White "Cole, Tony"]
[Black "Friedrich, Joseph"]
[Result "1-0"]
[WhiteElo "1487"]
[BlackElo "1285"]
[PlyCount "75"]
[EventDate "2014.??.??"]

1. e4 e6 2. Nf3 c5 3. Nc3 Nc6 4. Bb5 Qc7 5. O-O a6 6. Bxc6 dxc6 7. d4 Bd7 8.
Be3 c4 9. Ne5 Bd6 10. Nf3 O-O-O 11. Ng5 Be8 12. e5 Bc5 13. Qg4 Ba7 14. Rfd1 Nh6
15. Qf3 Nf5 16. Ne2 h6 17. Ne4 Rf8 18. c3 f6 19. Nf4 Qf7 20. Nc5 Bxc5 21. dxc5
Nxe3 22. Qxe3 fxe5 23. Rxd8+ Kxd8 24. Rd1+ Bd7 25. Ne2 Qh5 26. Rd6 e4 27. h3
Rf6 28. Ng3 Qg6 29. Nxe4 Rf7 30. Nd2 Kc7 31. a3 Qc2 32. Nxc4 Be8 33. Qg3 Qc1+
34. Rd1+ Qf4 35. Qxf4+ Rxf4 36. Rd4 Rf5 37. b4 Bd7 38. Nb6 1-0

[Event "Mechanics' Fall TNM; 30/90, SD/30"]
[Site "San Francisco"]
[Date "2014.10.28"]
[Round "2.31"]
[White "Cole, Tony"]
[Black "Handler, Andrew Todd"]
[Result "0-1"]
[WhiteElo "1417"]
[BlackElo "1652"]
[PlyCount "96"]
[EventDate "2014.??.??"]

1. e4 c5 2. Nc3 Nc6 3. Nf3 g6 4. Bc4 Bg7 5. Nd5 e6 6. Nf4 d6 7. c3 Nf6 8. d3
O-O 9. h4 d5 10. exd5 exd5 11. Bb5 Re8+ 12. Ne2 Bg4 13. d4 Bxf3 14. gxf3 cxd4
15. Bxc6 bxc6 16. Qxd4 Qa5 17. Bd2 Qb5 18. c4 dxc4 19. Be3 Nd5 20. Qd2 c3 21.
Nxc3 Nxc3 22. bxc3 Rad8 23. Qc2 Qa5 24. O-O a6 25. Bg5 Rc8 26. Rac1 Qd5 27. Kg2
h6 28. Bf4 Qc4 29. Bg3 Re2 30. Qd1 Qxa2 31. Qd7 Qe6 32. Qd3 Ra8 33. Ra1 a5 34.
Ra4 Ra2 35. Re4 Qd5 36. Qe3 a4 37. c4 Qf5 38. Re8+ Rxe8 39. Qxe8+ Kh7 40. Qxc6
a3 41. Re1 Ra1 42. Re2 a2 43. Qa4 Qb1 44. Kh3 h5 45. Bh2 Qf1+ 46. Kg3 Qxe2 47.
Kg2 Rf1 48. Bg3 a1=Q 0-1

[Event "Mechanics' Whitehead TNM; 30/90, SD/30"]
[Site "San Francisco"]
[Date "2014.08.12"]
[Round "2.26"]
[White "Cole, Tony"]
[Black "Harris, Clarence"]
[Result "0-1"]
[WhiteElo "1400"]
[BlackElo "1655"]
[PlyCount "86"]
[EventDate "2014.??.??"]

1. e4 e5 2. Nf3 Nc6 3. Bb5 a6 4. Bxc6 dxc6 5. Nc3 Bd6 6. d4 exd4 7. Qxd4 f6 8.
O-O c5 9. Qd3 Ne7 10. Be3 Be6 11. Rad1 Qd7 12. Nd5 Nxd5 13. exd5 Bf5 14. Qc3
Qb5 15. Rfe1 O-O-O 16. b3 Rhe8 17. a4 Qb4 18. Qb2 c4 19. Bd2 Rxe1+ 20. Bxe1 Qa3
21. Qc3 cxb3 22. cxb3 Qc5 23. Qb2 Qc2 24. Rd2 Qxb2 25. Rxb2 Be4 26. Rd2 Bb4 27.
Rd4 Bxe1 28. Rxe4 Bc3 29. h3 Rxd5 30. Rc4 Rd1+ 31. Kh2 Be5+ 32. Nxe5 fxe5 33.
Re4 Rd5 34. Rg4 Rd7 35. Re4 Rd5 36. Rg4 g6 37. Rg5 Rd3 38. Rg3 e4 39. Re3 Kd7
40. Kg3 Kd6 41. Rxd3+ exd3 42. Kf3 Kc5 43. Ke3 Kb4 {and... 0-1} 0-1

[Event "Mechanics' Whitehead TNM; 30/90, SD/30"]
[Site "San Francisco"]
[Date "2014.08.05"]
[Round "1.17"]
[White "Cole, Tony"]
[Black "Jaffray, John"]
[Result "0-1"]
[WhiteElo "1400"]
[BlackElo "1997"]
[PlyCount "36"]
[EventDate "2014.??.??"]

1. e4 c5 2. Nc3 Nc6 3. Nf3 d6 4. Bb5 e5 5. O-O a6 6. Bc4 Be6 7. Bd5 Nf6 8. d3
h6 9. Re1 Rb8 10. a4 Nd4 11. b3 Bg4 12. h3 Nxf3+ 13. gxf3 Bxh3 14. f4 Nxd5 15.
Nxd5 Qh4 16. Nc7+ Kd8 17. Nd5 Bg4 18. Qd2 Bf3 0-1

[Event "Mechanics' Winter TNM; 30/90, SD/30"]
[Site "San Francisco"]
[Date "2014.01.07"]
[Round "1.10"]
[White "Cole, Tony"]
[Black "Lacounte, Brendan"]
[Result "0-1"]
[WhiteElo "1487"]
[BlackElo "1969"]
[PlyCount "102"]
[EventDate "2014.??.??"]

1. e4 c6 2. Nf3 d5 3. exd5 cxd5 4. d4 Nf6 5. Nc3 Bg4 6. Be2 e6 7. O-O Be7 8.
Ne5 Bxe2 9. Qxe2 O-O 10. Bf4 Nc6 11. Rad1 a6 12. a3 Rc8 13. Qf3 Re8 14. Rfe1
Nxe5 15. Bxe5 Bd6 16. Bxf6 Qxf6 17. Qxf6 gxf6 18. Rd3 Re7 19. Rde3 Rec7 20. Rf3
Kg7 21. Kh1 Rc4 22. Rd1 b5 23. g3 b4 24. axb4 Rxb4 25. b3 Rb7 26. Ra1 Bb4 27.
Na4 Rxc2 28. Nc5 Bxc5 29. dxc5 Rxc5 30. Rxa6 Rcb5 31. Ra3 e5 32. Rd3 d4 33. f3
Kg6 34. Kg2 Rc7 35. Kh3 Rb4 36. Ra4 Rxa4 37. bxa4 Rc3 38. Rd2 Ra3 39. a5 Rxa5
40. f4 Rd5 41. Kg4 f5+ 42. Kf3 e4+ 43. Ke2 Kf6 44. Ra2 Ke7 45. Ra8 Rb5 46. Rh8
Rb2+ 47. Kf1 d3 48. Rxh7 Rb1+ 49. Kf2 d2 50. Rh5 d1=Q 51. Rxf5 Qf3# 0-1

[Event "Mechanics' Spring TNM; 30/90, SD/30"]
[Site "San Francisco"]
[Date "2014.03.18"]
[Round "1.9"]
[White "Cole, Tony"]
[Black "Niemann, Hans"]
[Result "0-1"]
[WhiteElo "1444"]
[BlackElo "2054"]
[PlyCount "112"]
[EventDate "2014.??.??"]

1. e4 b6 2. Nc3 Bb7 3. Nf3 e6 4. a3 c5 5. d4 Nf6 6. Bg5 h6 7. Bxf6 Qxf6 8. d5
d6 9. Bb5+ Nd7 10. Bxd7+ Kxd7 11. dxe6+ Qxe6 12. O-O Rd8 13. Re1 Kc8 14. b4 g5
15. Nd5 Bg7 16. Ra2 f5 17. c4 fxe4 18. Qa4 Bxd5 19. cxd5 Qxd5 20. Rd2 Qb7 21.
Rde2 exf3 22. Re7 Rd7 23. Re8+ Rxe8 24. Rxe8+ Rd8 25. Re6 Qd7 26. Qa6+ Kb8 27.
Re3 Re8 28. bxc5 dxc5 29. gxf3 Rxe3 30. fxe3 Qd1+ 31. Kg2 Qd2+ 32. Kg3 Be5+ 33.
Kg4 Qxh2 34. Qd3 Qg3+ 35. Kf5 Bc7 36. Qd5 Qh3+ 37. Kg6 Qc8 38. Kxh6 g4 39. fxg4
Qxg4 40. Qc6 Qh4+ 41. Kg6 Qg3+ 42. Kf7 Qxe3 43. a4 Qf4+ 44. Ke7 Qd6+ 45. Qxd6
Bxd6+ 46. Kxd6 c4 47. Kd5 c3 48. Kc4 c2 49. Kb5 c1=Q 50. Kb4 a5+ 51. Kb5 Qc5+
52. Ka6 Kc7 53. Ka7 b5+ 54. Ka8 Qf8+ 55. Ka7 Qb8+ 56. Ka6 Qb6# 0-1

[Event "Mechanics' Fall TNM; 30/90, SD/30"]
[Site "San Francisco"]
[Date "2014.11.25"]
[Round "5.29"]
[White "Cole, Tony"]
[Black "Rosenstein, Perry"]
[Result "0-1"]
[WhiteElo "1417"]
[BlackElo "1767"]
[Annotator "Donaldson"]
[PlyCount "48"]
[EventDate "2014.??.??"]

1. e4 c5 2. Nc3 Nc6 3. Nf3 d6 4. Bb5 Bg4 5. h3 Bh5 6. d4 cxd4 7. Qxd4 Bxf3 8.
gxf3 Nf6 9. Bg5 e6 10. Qa4 Rc8 $2 (10... Qb6) 11. Qxa7 Qc7 12. O-O-O Be7 13.
Qe3 O-O 14. Rhg1 Rfd8 15. Bh6 g6 16. f4 $2 d5 $1 17. exd5 Nb4 $1 18. dxe6 Nxa2+
19. Kb1 Nxc3+ 20. bxc3 $2 (20. Qxc3 $11) 20... Nd5 21. exf7+ Kxf7 22. Qe5 $2 (
22. Rxd5 Rxd5 23. Ba4 $17) 22... Nxc3+ 23. Kb2 Nxd1+ 24. Rxd1 Qxc2+ 0-1

[Event "Mechanics' SummerTNM; 30/90, SD/30"]
[Site "San Francisco"]
[Date "2014.07.15"]
[Round "8.34"]
[White "Cole, Tony"]
[Black "Shaknazarov, Oleg"]
[Result "0-1"]
[WhiteElo "1400"]
[BlackElo "2193"]
[PlyCount "54"]
[EventDate "2014.??.??"]

1. e4 e5 2. Nf3 Nc6 3. Bb5 a6 4. Bxc6 dxc6 5. Nxe5 Qd4 6. Ng4 Qxe4+ 7. Ne3 Nf6
8. d3 Qg6 9. Qf3 Bd6 10. Nc3 O-O 11. Bd2 Ng4 12. h3 Ne5 13. Qe4 f5 14. Qd4 f4
15. Ng4 Nxg4 16. hxg4 Bxg4 17. f3 Rae8+ 18. Ne4 Bf5 19. O-O-O Be5 20. Qf2 Qf7
21. Kb1 Rd8 22. g4 fxg3 23. Nxg3 Qf6 24. b3 Bxg3 25. Qxg3 Rxd3 26. cxd3 Bxd3+
27. Kc1 Qa1# 0-1

[Event "Mechanics' Whitehead TNM; 30/90, SD/30"]
[Site "San Francisco"]
[Date "2014.08.26"]
[Round "4.34"]
[White "Cole, Tony"]
[Black "Sherwood, Peter"]
[Result "0-1"]
[WhiteElo "1400"]
[BlackElo "1722"]
[Annotator "Sherwood"]
[PlyCount "124"]
[EventDate "2014.??.??"]

1. e4 c5 2. Nc3 d6 3. Nf3 Nf6 4. Bc4 e6 5. d3 Be7 6. Bg5 O-O 7. e5 Ng4 8. Bxe7
Qxe7 9. exd6 Qxd6 10. Ne4 Qe7 11. h3 Nf6 12. Qd2 Nxe4 13. dxe4 Rd8 14. Qf4 Nc6
15. Bd3 Nb4 16. O-O Nxd3 17. cxd3 Rxd3 18. Ne5 Rd6 19. Rac1 (19. Nxf7 $1 e5 20.
Nxe5 Re6 21. Nf3 Rxe4) 19... f6 20. Nc4 e5 21. Qh4 Rd4 22. b3 b6 23. Rfe1 Qb7
24. Rcd1 Be6 25. Rxd4 cxd4 26. Nd6 Qd7 27. Nc4 Bxc4 28. bxc4 Rd8 29. f4 d3 30.
fxe5 fxe5 (30... d2 $5 31. Rd1 Qa4 32. Qg4 Qxc4 33. exf6 Qd4+ 34. Kh1 Qxf6) 31.
Rd1 d2 32. Qg5 Qd6 33. h4 Qd4+ 34. Kh2 h6 35. Qe7 a5 36. h5 Qd6 37. Qh4 Qf6 38.
Kh3 Rd3+ 39. g3 Qf3 40. Qg4 Qxg4+ 41. Kxg4 Kf7 42. Kh3 (42. Kf5 Rxg3 43. Kxe5 (
43. Rxd2 $4 Rg5#) 43... Rd3 $19) 42... Ke6 43. Kg2 Kd6 44. Kf2 Kc5 45. Ke2 Kd4
(45... Kxc4 $142) 46. Rxd2 Rxd2+ 47. Kxd2 Kxe4 48. Ke2 Kd4 49. Kd2 Kxc4 50. Kc2
e4 51. Kd2 Kd4 52. Ke2 e3 53. Kd1 b5 54. Ke2 b4 55. Kd1 a4 56. Ke2 b3 57. axb3
axb3 58. Kd1 Kd3 59. Kc1 e2 60. g4 e1=Q+ 61. Kb2 Qc3+ 62. Kb1 Qc2+ 0-1

[Event "Mechanics' SummerTNM; 30/90, SD/30"]
[Site "San Francisco"]
[Date "2014.05.27"]
[Round "1.25"]
[White "Cowgill, Jackie"]
[Black "Newey, Richard"]
[Result "0-1"]
[WhiteElo "1019"]
[BlackElo "1796"]
[PlyCount "78"]
[EventDate "2014.??.??"]

1. e4 c5 2. Nf3 d6 3. d4 cxd4 4. Nxd4 Nf6 5. Nc3 Nc6 6. Bg5 e6 7. Qd2 Be7 8.
Be2 Qa5 9. Nf3 O-O 10. O-O Rd8 11. a3 a6 12. b4 Qc7 13. Rad1 b5 14. Bd3 Bb7 15.
Qc1 Nxb4 16. Qb2 Nc6 17. Ne2 Rac8 18. c3 Na5 19. Qb1 e5 20. Rc1 Nc4 21. Ng3
Nxa3 22. Qb3 Nc4 23. Bxc4 Qxc4 24. Nd2 Qxb3 25. Nxb3 Rd7 26. Nf5 Bxe4 27. Nxe7+
Rxe7 28. Bxf6 gxf6 29. Rfe1 d5 30. Re3 Rec7 31. Rg3+ Kf8 32. Nd2 Bg6 33. h3 d4
34. c4 bxc4 35. Nxc4 Rxc4 36. Rxc4 Rxc4 37. Rb3 d3 38. Rb6 d2 39. Rxf6 d1=Q+
0-1

[Event "Mechanics' Spring TNM; 30/90, SD/30"]
[Site "San Francisco"]
[Date "2014.03.25"]
[Round "2.34"]
[White "Cowgill, Jackie"]
[Black "Olson, David"]
[Result "0-1"]
[WhiteElo "1040"]
[BlackElo "1415"]
[PlyCount "44"]
[EventDate "2014.??.??"]

1. e4 g6 2. d4 Bg7 3. Nf3 Nf6 4. Nc3 O-O 5. Be2 b6 6. Bg5 h6 7. Bxf6 exf6 8.
O-O Bb7 9. Rb1 c5 10. d5 d6 11. a4 Nd7 12. Na2 Re8 13. Bd3 Ne5 14. Nxe5 Rxe5
15. Re1 Qd7 16. c4 Rae8 17. h3 f5 18. Nc3 f4 19. Ne2 g5 20. Kh2 Bc8 21. Ng1 f5
22. Nf3 R5e7 {both scoresheets are in error after Black's last move.} 0-1

[Event "Mechanics' Spring TNM; 30/90, SD/30"]
[Site "San Francisco"]
[Date "2014.04.22"]
[Round "6.34"]
[White "Cowgill, Jackie"]
[Black "Otterbach, Renate"]
[Result "0-1"]
[WhiteElo "1040"]
[BlackElo "1056"]
[PlyCount "90"]
[EventDate "2014.??.??"]

1. e4 e6 2. d4 d5 3. Nc3 c5 4. exd5 exd5 5. Bb5+ Bd7 6. Bxd7+ Qxd7 7. dxc5 Bxc5
8. Qe2+ Ne7 9. Nf3 a6 10. O-O O-O 11. h3 Nbc6 12. Be3 Bd6 13. Rad1 Rfe8 14.
Nxd5 Nxd5 15. Rxd5 Bh2+ 16. Nxh2 Qxd5 17. c4 Qa5 18. b3 Rad8 19. Qg4 Ne5 20.
Qh4 Ng6 21. Qg3 f5 22. f4 Rd3 23. Rf3 Qc3 24. Qg5 Rdxe3 25. Qxf5 Re1+ 26. Rf1
Qd4+ 27. Kh1 Rxf1+ 28. Nxf1 Nh4 29. Qd5+ Qxd5 30. cxd5 Re1 31. Kg1 Nf5 32. Kf2
Rd1 33. Ne3 Nxe3 34. Kxe3 Rxd5 35. g4 Ra5 36. Ke4 Rxa2 37. g5 Re2+ 38. Kf3 Rb2
39. h4 Rxb3+ 40. Kg4 g6 41. h5 Rb4 42. hxg6 hxg6 43. Kf3 Rc4 44. Ke3 b5 45. Kf3
a5 0-1

[Event "Mechanics' Spring TNM; 30/90, SD/30"]
[Site "San Francisco"]
[Date "2014.04.01"]
[Round "3.35"]
[White "Cowgill, Jackie"]
[Black "Poblete, Tyrone"]
[Result "0-1"]
[WhiteElo "1040"]
[BlackElo "1293"]
[PlyCount "92"]
[EventDate "2014.??.??"]

1. e4 e5 2. Nf3 Nc6 3. Bb5 d6 4. d4 Bd7 5. d5 Nd4 6. Bxd7+ Qxd7 7. O-O Nxf3+ 8.
Qxf3 Nh6 9. h3 Be7 10. Nd2 O-O-O 11. c4 f5 12. Qe3 b6 13. a4 f4 14. Qa3 g5 15.
a5 c6 16. axb6 Qb7 17. bxa7 Kd7 18. Nf3 Ra8 19. Qa4 Rhc8 20. Bd2 Bf6 21. Qb4
Qc7 22. Qa5 Qb7 23. Ra2 Ke7 24. Qb4 Qd7 25. Rfa1 g4 26. Qb8 gxf3 27. Bb4 c5 28.
Bd2 fxg2 29. Kxg2 Rg8+ 30. Kf1 Qxh3+ 31. Ke2 f3+ 32. Kd1 Raxb8 33. axb8=Q Rxb8
34. Ra7+ Ke8 35. Kc2 Ng4 36. Rc7 Nxf2 37. Rca7 Nxe4 38. Ra8 Rxa8 39. Rxa8+ Bd8
40. Ba5 Qh4 41. Rxd8+ Qxd8 42. Bxd8 Kxd8 43. Kd3 f2 44. Ke2 h5 45. Kf1 h4 46.
Kg2 h3+ 0-1

[Event "Mechanics' Winter TNM; 30/90, SD/30"]
[Site "San Francisco"]
[Date "2014.01.07"]
[Round "1.5"]
[White "Cowgill, Jackie"]
[Black "Rosenstein, Perry"]
[Result "0-1"]
[WhiteElo "1040"]
[BlackElo "1546"]
[PlyCount "60"]
[EventDate "2014.??.??"]

1. e4 c5 2. Nf3 e6 3. d3 d5 4. exd5 exd5 5. Be2 Nf6 6. O-O Be7 7. Bg5 O-O 8.
Re1 Re8 9. h3 Nc6 10. c3 Bf5 11. Bxf6 Bxf6 12. Nbd2 Qb6 13. Rb1 c4 14. Nf1 Rad8
15. Ng3 Bg6 16. Qd2 d4 17. b3 dxc3 18. Qc1 cxd3 19. Bxd3 Bxd3 20. Rxe8+ Rxe8
21. Ne1 Bxb1 22. Qxb1 Qd8 23. Nc2 Nd4 24. Nh5 Nxc2 25. Qxc2 Re1+ 26. Kh2 Be5+
27. Ng3 Rd1 28. f4 Bxf4 29. Qxc3 Rd3 30. Qc4 Bxg3+ 0-1

[Event "Mechanics' Spring TNM; 30/90, SD/30"]
[Site "San Francisco"]
[Date "2014.05.06"]
[Round "8.33"]
[White "Cowgill, Jackie"]
[Black "Voorhees, Cory"]
[Result "0-1"]
[WhiteElo "1040"]
[BlackElo "1476"]
[Annotator "Donaldson"]
[PlyCount "78"]
[EventDate "2014.??.??"]

1. e4 e5 2. Nf3 Nc6 3. Bb5 a6 4. Ba4 b5 5. Bb3 Nf6 6. O-O Bc5 7. Re1 O-O 8. c3
Re8 9. d4 exd4 10. e5 Ng4 11. Bg5 Be7 12. Bxe7 Qxe7 13. cxd4 Bb7 14. h3 Nh6 15.
a3 Nf5 16. Bc2 Nh4 17. Nbd2 Nxf3+ 18. Nxf3 d6 19. e6 fxe6 20. Qd3 g6 21. b4 Rf8
22. Bb3 d5 23. Bc2 Rf7 24. Qe3 Re8 25. Ng5 Nxd4 26. Rac1 Nxc2 27. Rxc2 Rf6 28.
Qg3 e5 29. Rce2 e4 30. Qe3 h6 31. Qa7 hxg5 32. Qxb7 Qe5 33. f3 Rb6 34. Qa7 Reb8
35. fxe4 dxe4 36. Rxe4 Qg3 37. Rg4 $4 Qxe1+ 38. Kh2 Qe5+ 39. Kh1 Rd8 0-1

[Event "Mechanics' Winter TNM; 30/90, SD/30"]
[Site "San Francisco"]
[Date "2014.02.11"]
[Round "6.39"]
[White "Cowgill, Jackie"]
[Black "West, David"]
[Result "0-1"]
[WhiteElo "1040"]
[BlackElo "1373"]
[Annotator "Donaldson"]
[PlyCount "52"]
[EventDate "2014.??.??"]

1. e4 d5 2. exd5 Nf6 3. Nc3 Nxd5 4. Nf3 Nxc3 5. bxc3 e6 6. Be2 Bd6 7. O-O O-O
8. d4 c6 9. a4 b6 10. Be3 Qc7 11. Qd2 Rd8 12. c4 Ba6 13. Rfe1 Nd7 {Diagram #}
14. Bh6 $2 (14. c5 $1 Nxc5 15. Qc1 Bxe2 16. dxc5 Bxf3 17. cxd6 $16) 14... gxh6
15. Qxh6 Bf4 16. Ng5 Bxg5 17. Qxg5+ Kh8 18. Bh5 Rf8 19. Re3 Qd8 20. Qg4 Nf6 21.
Qg5 Rg8 22. Qe5 Rg7 23. Rh3 Nxh5 24. Qxh5 Qxd4 25. Rd1 Qg4 26. f3 Qxg2# 0-1

[Event "Mechanics' Winter TNM; 30/90, SD/30"]
[Site "San Francisco"]
[Date "2014.01.07"]
[Round "1.24"]
[White "Delaney, Willl"]
[Black "Hood, Bryan"]
[Result "1-0"]
[WhiteElo "1800"]
[BlackElo "979"]
[PlyCount "57"]
[EventDate "2014.??.??"]

1. Nf3 d5 2. d4 Nf6 3. c3 Bf5 4. Qb3 b6 5. Bf4 e6 6. e3 Bd6 7. Bb5+ c6 8. Be2
Bxf4 9. exf4 Qd6 10. Ne5 O-O 11. Nd2 c5 12. O-O Ne4 13. Nxe4 Bxe4 14. f3 Bd3
15. Bxd3 c4 16. Bxc4 dxc4 17. Qxc4 Nd7 18. Nxd7 Qxd7 19. Rfe1 Qd6 20. Re4 Rfe8
21. Rae1 Qd7 22. Kf2 Rac8 23. Qb3 g6 24. g4 Re7 25. g5 Kg7 26. h4 Rh8 27. h5
gxh5 28. f5 h6 29. f6+ 1-0

[Event "Mechanics' Winter TNM; 30/90, SD/30"]
[Site "San Francisco"]
[Date "2014.01.28"]
[Round "4.21"]
[White "Delaney, Willl"]
[Black "Weiss, Nicholas"]
[Result "1-0"]
[WhiteElo "1800"]
[BlackElo "1418"]
[PlyCount "63"]
[EventDate "2014.??.??"]

1. Nf3 Nf6 2. d4 e6 3. Bg5 h6 4. Bh4 d5 5. Nbd2 c5 6. e3 Nbd7 7. c3 c4 8. Be2
Be7 9. O-O Ng4 10. Bxe7 Qxe7 11. e4 O-O 12. e5 f5 13. h3 h5 14. hxg4 hxg4 15.
Nh2 Qh4 16. Nxg4 f4 17. Nh2 Kf7 18. Ndf3 Qh5 19. g4 Qh6 20. g5 Qh5 21. Bxc4
dxc4 22. d5 Nb6 23. d6 Nd5 24. Qd4 b5 25. a4 Ba6 26. axb5 Bb7 27. Rxa7 Rab8 28.
Qxc4 Rh8 29. Qc6 Kg6 30. Rxb7 Rbg8 31. Qc4 Rh7 32. Qe4# 1-0

[Event "Mechanics' Fall TNM; 30/90, SD/30"]
[Site "San Francisco"]
[Date "2014.12.02"]
[Round "6.28"]
[White "Donnelly, Patrick Thomas"]
[Black "Hilliard, Michael"]
[Result "1-0"]
[WhiteElo "1659"]
[BlackElo "1400"]
[PlyCount "83"]
[EventDate "2014.??.??"]

1. Nf3 d5 2. d4 e6 3. c4 c5 4. Nc3 Nc6 5. e3 Nf6 6. Bd3 cxd4 7. exd4 Bb4 8. O-O
O-O 9. Bg5 Be7 10. cxd5 exd5 11. Qb3 Be6 12. Rac1 Qb6 13. Qxb6 axb6 14. a3 Nd7
15. Bxe7 Nxe7 16. Rfe1 Nc6 17. Nb5 Nd8 18. Rc7 Nf6 19. Nd6 Rb8 20. Rec1 Ne8 21.
Nxe8 Rxe8 22. Bb5 Rf8 23. Ne5 f6 24. Nd7 Bxd7 25. Rxd7 Ne6 26. Rxd5 Rbd8 27.
Rxd8 Rxd8 28. Bc4 Kf7 29. Re1 Rd6 30. f4 f5 31. Rxe6 Rxe6 32. Bxe6+ Kxe6 33.
Kf2 Kd5 34. Ke3 b5 35. Kd3 h6 36. b3 g5 37. g3 gxf4 38. gxf4 h5 39. a4 bxa4 40.
bxa4 h4 41. a5 h3 42. Kc3 1-0

[Event "Mechanics' Fall TNM; 30/90, SD/30"]
[Site "San Francisco"]
[Date "2014.12.16"]
[Round "8.15"]
[White "Donnelly, Patrick Thomas"]
[Black "Maser, Tom"]
[Result "0-1"]
[WhiteElo "1659"]
[BlackElo "1914"]
[PlyCount "42"]
[EventDate "2014.??.??"]

1. d4 Nf6 2. c4 e6 3. Nc3 c5 4. Nf3 d5 5. Bg5 Be7 6. e3 b6 7. Bd3 Bb7 8. O-O
O-O 9. Qc2 dxc4 10. Bxc4 Bxf3 11. Bxf6 Bxf6 12. gxf3 cxd4 13. Qe4 dxc3 14. Qxa8
cxb2 15. Rad1 Qc7 16. Qe4 Nd7 17. Bd3 g6 18. Bb5 Nc5 19. Qb4 Qe5 20. Rd2 Qf5
21. e4 Qg5+ 0-1

[Event "Mechanics' Fall TNM; 30/90, SD/30"]
[Site "San Francisco"]
[Date "2014.10.28"]
[Round "2.30"]
[White "Donnelly, Patrick Thomas"]
[Black "Xu, Linmiao"]
[Result "0-1"]
[WhiteElo "1659"]
[BlackElo "1424"]
[PlyCount "76"]
[EventDate "2014.??.??"]

1. e4 d6 2. d4 Nf6 3. Nc3 g6 4. Nf3 Bg7 5. Bc4 Nc6 6. h3 O-O 7. Bb3 Nd7 8. Be3
e5 9. Qd2 exd4 10. Nxd4 Nc5 11. Bd5 Nxd4 12. Bxd4 Bxd4 13. Qxd4 Qg5 14. g3 c6
15. Bb3 Re8 16. h4 Qg4 17. O-O Nxe4 18. Rae1 Bf5 19. Re3 d5 20. Rfe1 Re6 21.
Ne2 Nxf2 22. Kxf2 Qh3 23. Rxe6 fxe6 24. Ke3 Bg4 25. Kd2 Rf8 26. Qg1 Bxe2 27.
Rxe2 Rf1 28. Qg2 Qf5 29. c3 Qb1 30. Rxe6 Qxb2+ 31. Bc2 Rc1 32. Qh3 Qxc2+ 33.
Ke3 Qxc3+ 34. Kf4 Qd4+ 35. Kg5 Kf7 36. h5 Qd2+ 37. Kh4 g5+ 38. Kg4 Kxe6 0-1

[Event "Mechanics' Spring TNM; 30/90, SD/30"]
[Site "San Francisco"]
[Date "2014.03.25"]
[Round "2.13"]
[White "Dorn, Richard"]
[Black "Hilliard, Michael"]
[Result "1-0"]
[WhiteElo "1940"]
[BlackElo "1400"]
[PlyCount "93"]
[EventDate "2014.??.??"]

1. d4 d5 2. Nf3 Nf6 3. e3 e6 4. Bd3 c5 5. b3 Nc6 6. Bb2 cxd4 7. exd4 Bb4+ 8.
Nbd2 a6 9. O-O b5 10. Ne5 Qb6 11. c3 Bd6 12. Qe2 Bb7 13. f4 Qc7 14. Rae1 O-O-O
15. a4 Na7 16. axb5 axb5 17. Bxb5 Nxb5 18. Qxb5 Bxe5 19. fxe5 Ng4 20. h3 Nh6
21. c4 dxc4 22. Rc1 Bd5 23. Nxc4 Bc6 24. Qa6+ Qb7 25. Nd6+ Rxd6 26. Qxb7+ Kxb7
27. exd6 Rd8 28. Ba3 Nf5 29. Bc5 Nxd6 30. Bxd6 Rxd6 31. Rxf7+ Kb6 32. Rxg7 h5
33. Rg6 Bd7 34. Rd1 Kb5 35. Rg5+ Rd5 36. Rxd5+ exd5 37. Re1 Kb4 38. Re5 Bc6 39.
Re6 Ba8 40. Ra6 Kxb3 41. Rxa8 Kc3 42. Ra4 Kb3 43. Ra1 Kc3 44. Rd1 Kc2 45. Rf1
Kc3 46. Rf4 Kd3 47. Kf2 1-0

[Event "Mechanics' Spring TNM; 30/90, SD/30"]
[Site "San Francisco"]
[Date "2014.04.15"]
[Round "5.5"]
[White "Doyle, Bryon"]
[Black "Abraham, Renjish"]
[Result "1-0"]
[WhiteElo "2064"]
[BlackElo "1867"]
[Annotator "Donaldson"]
[PlyCount "47"]
[EventDate "2014.??.??"]

1. e4 c5 2. Nf3 d6 3. d4 cxd4 4. Nxd4 Nf6 5. Nc3 a6 6. Bc4 e6 7. Bb3 Be7 8. O-O
O-O 9. f4 Nc6 10. Kh1 Qc7 11. f5 Nxd4 12. Qxd4 Bd7 13. Bg5 exf5 14. exf5 Qc5
15. Rad1 Bc6 16. Bxf6 Bxf6 17. Qxd6 Qxd6 18. Rxd6 Bxc3 19. bxc3 Rac8 20. f6 g5
21. h4 gxh4 22. Kh2 Rfe8 23. Rf4 $14 Re4 $4 {Diagram #} 24. Rxc6 1-0